| 000 | 00480cam a22002051 4500 | ||
|---|---|---|---|
| 001 | sa 68007158 | ||
| 003 | DLC | ||
| 005 | 20260227112521.0 | ||
| 008 | 881102s1968 xx 000 0 hino | ||
| 010 | _asa 68007158 | ||
| 035 | _a(OCoLC)23558780 | ||
| 040 |
_aDLC _cMiU _dDLC |
||
| 042 | _apremarc | ||
| 050 | 0 | 0 |
_aPK2098.O5 _bR3 |
| 100 | 0 |
_aOnkarnath Dinkar, _d1912- |
|
| 245 | 1 | 0 | _aRakshā ke sūtra. |
| 260 | _c[1968] | ||
| 300 |
_a134 p. _c19 cm. |
||
| 500 | _aRomanized. | ||
| 999 |
_c81672 _d81672 |
||